000 00851nam a22002657a 4500
001 31451
003 UA-OsUOA
005 20220524160010.0
007 ta
008 20041221b un ||||| |||| 00| 0 ukr d
020 _a985130266Х
040 _aUA-OsUOA
_brus
_cUA-OsUOA
_dUA-OsUOA
041 _arus
044 _aRU
080 _a94(100)
090 _a94(100)
_bВ84
245 _aВсемирная история. Великая Французская революция
_cред. И. А. Альябьева, А. Н. Бадак, И. Е. Войнич
260 _aМосква
_bАСТ
_c2001
300 _a512 с.
_bил.
650 7 _2UDC
_a94 Історія загалом
700 1 _aАлябьева И. А.
_eред.
942 _cBK
_2udc
955 _a0
999 _c317876
_d317876